00346 a2200145 4500003000400000005001700004008004100021020001800062040000900080082002000089100001600109245002700125260003300152300001500185OSt20231028145103.0231028b |||||||| |||| 00| 0 eng d a9789356435643 coclc a894.8123bMUK/N aMukundan, M a NINGAL /cM Mukundan aKottayam:bD C Books,c2023. a296pc21cm